Hearing history : a reader

Αποθηκεύτηκε σε:
Λεπτομέρειες βιβλιογραφικής εγγραφής
Άλλοι συγγραφείς: Smith, Mark M. (Mark Michael) 1968- (Επιμελητής έκδοσης)
Μορφή: Βιβλίο
Γλώσσα:English
Δημοσίευση: Athens : University of Georgia Press, c2004
Θέματα:
Ετικέτες: Προσθήκη ετικέτας
Δεν υπάρχουν, Καταχωρήστε ετικέτα πρώτοι!

MARC

LEADER 00000nam a2200000 i 4500
001 1/96331
008 081101s2004 eng d
020 |a 0-8203-2583-X (pbk.) 
035 |l 10101299 
040 |a GR-MY-UA  |b gre  |e aacr 
041 0 |a eng 
082 0 |a 901  |2 (22) 
245 1 0 |a Hearing history :  |b a reader /  |c edited by Mark M. Smith 
260 |a Athens :   |b University of Georgia Press,   |c c2004 
300 |a xxii, 413 σ.;  |c 26 εκ. 
504 |a Βιβλιογραφία: σ. 405-407 
504 |a Ευρετήριο: σ. 411-413 
650 0 0 |a Aural history. 
650 0 0 |a History  |x Methodology. 
650 0 0 |a Noise  |x Social aspects. 
650 0 0 |a Sound  |x Social aspects. 
700 1 |a Smith, Mark M.  |q (Mark Michael)  |d 1968-  |4 edt 
852 |a INST  |b LESVOS  |e 20081101  |h 901 HEA  |p 005100043359  |q 005100043359  |t BK  |y 0 
901 |a BIBL1-2008-3 
909 |a Λ  |b 151678 
922 |a 1ΕΛΗ  |b 200803  |c ΕΠΕΑΕΚ2/ΠΤΕ  |d ΠΑΠΑΣΩΤΗΡΙΟΥ 
970 |a ΚΑΡΑ  |b ΓΙΑΣΕΜΗ  |z 2008/11/01